ბათუმის შოთა რუსთაველის სახელმწიფო უნივერსიტეტის ბიბლიოთეკა

ქალაქების ეკოლოგიური პრობლემები ქუთაისის მაგალითზე. (ბიბ.ჩანაწერი № 35407)

000 -LEADER
fixed length control field 00988nam a2200229Ia 4500
001 - CONTROL NUMBER
control field 1261
003 - CONTROL NUMBER IDENTIFIER
control field GE_BSU
008 - FIXED-LENGTH DATA ELEMENTS--GENERAL INFORMATION
fixed length control field 181216s||||||||xx |||||||||||||| ||und||
040 ## - CATALOGING SOURCE
Transcribing agency GE_BSU
080 ## - UNIVERSAL DECIMAL CLASSIFICATION NUMBER
Universal Decimal Classification number 574
100 ## - MAIN ENTRY--PERSONAL NAME
Personal name ჟორჟოლიანი, ცირა, გორდაძე, ემზარ.
245 ## - TITLE STATEMENT
Title ქალაქების ეკოლოგიური პრობლემები ქუთაისის მაგალითზე.
245 ## - TITLE STATEMENT
Statement of responsibility, etc. რედ.ბერუჩაშვილი,ნ.
260 ## - PUBLICATION, DISTRIBUTION, ETC.
Place of publication, distribution, etc. ქუთაისი.
260 ## - PUBLICATION, DISTRIBUTION, ETC.
Name of publisher, distributor, etc. უნივერსიტეტის გამომცემლობა.
260 ## - PUBLICATION, DISTRIBUTION, ETC.
Date of publication, distribution, etc. 2006.
300 ## - PHYSICAL DESCRIPTION
Extent 103 გვ.19 სმ.
653 ## - INDEX TERM--UNCONTROLLED
Uncontrolled term ეკოლოგიური პრობლემები.
653 ## - INDEX TERM--UNCONTROLLED
Uncontrolled term ქალაქების ეკოლოგიური პრობლემები ქუთაისის მაგალითზე.
942 ## - ADDED ENTRY ELEMENTS (KOHA)
Koha item type წიგნი
ეგზემპლარები
Withdrawn status Lost status Damaged status Not for loan Date acquired Barcode Date last seen Price effective from Koha item type
        2018-12-17 2737 2018-12-17 2018-12-17 წიგნი